000 00701nam a22002057a 4500
999 _c2175
_d2175
003 AR-CdUCM
008 190304b ||||| |||| 00| 0 spa d
040 _aMUNICIPALIDAD PROVINCIAL DEL CUSCO
_cBIBLIOTECA MUNICIPAL DEL CUSCO
082 _a982.009 /
_bP42
100 _aPeña, David
_93064
245 _aJuan Facundo Quiroga /
260 _aBuenos Aires :
_bEUDEBA,
_c1977.
300 _a218 páginas ;
_c21 cm.
505 _aOrigen del Facundo -- Juventud de Quiroga -- La Conjuración de San Luis -- En la Rioja -- El Congreso del año 24 y las minas de Rioja...
650 _aHistoria
_9246
650 _aFilosofía
_9395
650 _aArgentina
_9511
942 _2ddc
_cLIBROS
945 _admma